Carregant...
PSALMS IN VOID
| Autor principal: | |
|---|---|
| Format: | Journal Article |
| Publicat: |
HARITHAM: JOURNAL OF THE SCHOOL OF LETTERS
1994
|
| Matèries: |
| LEADER | 00362nam a22001217a 4500 | ||
|---|---|---|---|
| 999 | |c 176055 |d 176051 | ||
| 100 | |a R. K. SINGH |9 130891 | ||
| 245 | |a PSALMS IN VOID | ||
| 260 | |b HARITHAM: JOURNAL OF THE SCHOOL OF LETTERS |c 1994 | ||
| 300 | |a P. 85 |b 3, 1994 | ||
| 650 | |a POEM |9 130892 | ||
| 942 | |c JA | ||
| 952 | |0 0 |1 0 |4 0 |7 0 |9 174453 |a MGUL |b MGUL |c JA |d 2019-05-08 |l 0 |r 2019-05-08 |w 2019-05-08 |y JA | ||